<?xml version="1.0" encoding="UTF-8"?><?xml-stylesheet type="text/xsl" href="static/style.xsl"?><OAI-PMH xmlns="http://www.openarchives.org/OAI/2.0/" xmlns:xsi="http://www.w3.org/2001/XMLSchema-instance" xsi:schemaLocation="http://www.openarchives.org/OAI/2.0/ http://www.openarchives.org/OAI/2.0/OAI-PMH.xsd"><responseDate>2026-04-29T22:45:41Z</responseDate><request verb="GetRecord" identifier="oai:repisalud.isciii.es:20.500.12105/10163" metadataPrefix="marc">https://repisalud.isciii.es/rest/oai/request</request><GetRecord><record><header><identifier>oai:repisalud.isciii.es:20.500.12105/10163</identifier><datestamp>2024-05-21T11:02:17Z</datestamp><setSpec>com_20.500.12105_2203</setSpec><setSpec>com_20.500.12105_2202</setSpec><setSpec>col_20.500.12105_19505</setSpec><setSpec>col_20.500.12105_19585</setSpec></header><metadata><record xmlns="http://www.loc.gov/MARC21/slim" xmlns:dcterms="http://purl.org/dc/terms/" xmlns:doc="http://www.lyncode.com/xoai" xmlns:xsi="http://www.w3.org/2001/XMLSchema-instance" xsi:schemaLocation="http://www.loc.gov/MARC21/slim http://www.loc.gov/standards/marcxml/schema/MARC21slim.xsd">
   <leader>00925njm 22002777a 4500</leader>
   <datafield ind2=" " ind1=" " tag="042">
      <subfield code="a">dc</subfield>
   </datafield>
   <datafield ind2=" " ind1=" " tag="720">
      <subfield code="a">Instituto de Salud Carlos III. Centro Nacional de Epidemiología</subfield>
      <subfield code="e">author</subfield>
   </datafield>
   <datafield ind2=" " ind1=" " tag="260">
      <subfield code="c">2009-10-31</subfield>
   </datafield>
   <datafield ind2=" " ind1=" " tag="520">
      <subfield code="a">En la semana 43/2009 persiste el incremento en la actividad pandémica en España, más acusado en el norte del territorio sujeto a vigilancia. La evolución de la enfermedad es creciente en todas las redes del sistema, a excepción de Baleares, Extremadura y Melilla que señalan una evolución estable. La tasa global de incidencia notificada de gripe en la semana 43/2009 aumenta a 292,94 casos por 100.000 habitantes,  lo que supone un incremento del 58% con respecto a la registrada en la semana previa de vigilancia. Este aumento de la actividad gripal se presenta asociado a un incremento sostenido en el porcentaje de muestras positivas desde la semana 39/2009, características propias de la fase de ascenso de la onda epidémica. Continúa registrándose una circulación mayoritaria y generalizada del virus pandémico AnH1N11, que en la semana 43/2009 supone el 90% del total de virus detectados (100% entre los virus subtipados). A nivel nacional el grupo de edad más afectado sigue siendo el de 5-14 años, que alcanza un valor de incidencia gripal de 1035,06 casos por 100.000 habitantes. Cabe destacar que los mayores incrementos en las tasas de incidencia de gripe, con respecto a la semana previa de vigilancia, se observan en los menores de cinco años.</subfield>
   </datafield>
   <datafield ind1="8" ind2=" " tag="024">
      <subfield code="a">http://hdl.handle.net/20.500.12105/10163</subfield>
   </datafield>
   <datafield tag="653" ind2=" " ind1=" ">
      <subfield code="a">Gripe</subfield>
   </datafield>
   <datafield tag="653" ind2=" " ind1=" ">
      <subfield code="a">Vigilancia epidemiológica</subfield>
   </datafield>
   <datafield ind2="0" ind1="0" tag="245">
      <subfield code="a">Vigilancia de la gripe en España  Semana 43/2009 (del 25 al 31 de octubre de 2009)</subfield>
   </datafield>
</record></metadata></record></GetRecord></OAI-PMH>